Obálka Náhled e-knihy:
PDF
Pro půjčování e-knih musíte být přihlášeni.
Jak si půjčit online?

Po vlastní ose. Ze Střechy světa na Sibiř /

Druhý díl cestopisu autorky o její cestě autem skrze Asii, kterou podnikla v roce 2017. Vypráví o objevování přírody, krajiny i života obyčejných lidí v Kyrgyzstánu, ve východním Kazachstánu či v nespoutané Sibiři.

Uloženo v:
Série:Po vlastní ose, část 2
Hlavní autor: Sedláčková, Jolana, 1988- (Autor)
Médium: E-kniha
Jazyk:Czech
Vydáno: V Brně : CPress, 2022
Vydání:1. vydání
Témata:
Příbuzné jednotky:Z cyklu:: Po vlastní ose
Tagy:
Žádné tagy
LEADER 03192nam a2200649 i 4500
001 311697
003 CZ PrSKC
005 20260601215710.0
007 ta
008 221101s2022 xr ab e 000 0 cze
015 |a cnb003467487 
020 |a 9788026444237  |q (vázáno) :  |c Kč 369,00 
035 |a (OCoLC)1357139076 
040 |a OLA001  |b cze  |e rda 
043 |a a-kg---  |a a-kz---  |a ac----- 
072 7 |a 913(5)  |x Geografie Asie, reálie, cestování  |2 Konspekt 
080 |a 913:910.4  |2 MRF 
080 |a 796.57:629.331  |2 MRF 
080 |a 913(5-191.2)  |2 MRF 
080 |a (5-191.2)  |2 MRF 
080 |a (575.2)  |2 MRF 
080 |a (574)  |2 MRF 
080 |a (0:82-992)  |2 MRF 
100 1 |a Sedláčková, Jolana,  |d 1988-  |7 xx0266234  |4 aut 
245 1 0 |a Po vlastní ose.  |p Ze Střechy světa na Sibiř /  |c Jolana Sedláčková 
246 3 0 |a Ze Střechy světa na Sibiř 
246 1 4 |a Po vlastní ose 2 
250 |a 1. vydání 
264 1 |a V Brně :  |b CPress,  |c 2022 
300 |a 206 stran :  |b barevné ilustrace, mapy ;  |c 21 cm 
336 |a text  |b txt  |2 rdacontent 
336 |a statický obraz  |b sti  |2 rdacontent 
337 |a bez média  |b n  |2 rdamedia 
338 |a svazek  |b nc  |2 rdacarrier 
520 2 |a Druhý díl cestopisu autorky o její cestě autem skrze Asii, kterou podnikla v roce 2017. Vypráví o objevování přírody, krajiny i života obyčejných lidí v Kyrgyzstánu, ve východním Kazachstánu či v nespoutané Sibiři. 
520 2 |a Druhý díl úspěšného cestopisu Po vlastní ose od Jolany Sedláčkové.  |b Už několik měsíců jste na cestě. Jen vy a váš parťák. Za sebou už máte tisíce kilometrů napříč pouštěmi i skrze lesy, přes hory i řeky, zažili jste pohostinnost místních i nabubřelost úřadů. A ještě vás další tisíce kilometrů a tisíce zážitků čekají! A tak vzhůru ze Střechy světa na Sibiř! Dobrodružství vašeho života pokračuje! Nakladatelská anotace. Kráceno. 
650 0 7 |a cesty a pobyt  |7 ph137578  |z Asie střední  |2 czenas 
650 0 7 |a autoturistika  |7 ph391048  |z Asie střední  |2 czenas 
650 0 9 |a travels and stays  |z Asia, Central  |2 eczenas 
650 0 9 |a automobile travel  |z Asia, Central  |2 eczenas 
651 7 |a Asie střední  |7 ge128685  |x reálie  |2 czenas 
651 7 |a Kyrgyzstán  |7 ge134304  |2 czenas 
651 7 |a Kazachstán  |7 ge129556  |2 czenas 
651 7 |a Altaj (pohoří)  |7 ge134013  |2 czenas 
651 9 |a Asia, Central  |x description and travel  |2 eczenas 
651 9 |a Kyrgyzstan  |2 eczenas 
651 9 |a Kazakhstan  |2 eczenas 
651 9 |a Altai Mountains  |2 eczenas 
655 7 |a cestopisy  |7 fd131956  |2 czenas 
655 9 |a books of travels  |2 eczenas 
787 0 8 |i Z cyklu:  |t Po vlastní ose  |g 2 
900 |a ABA001  |b 19 
928 9 |a Albatros Media - CPress 
044 |a xr 
910 |a RBIT002 
998 |d 361835  |a https://core.palmknihy.cz/api/books/361835/cover?sic13x  |b https://core.palmknihy.cz/api/books/361835/cover/400?sic13x  |c https://core.palmknihy.cz/api/books/361835/cover/50?sic13x  |e 2032-12-31  |g 208  |i 9788026444237  |k https://core.palmknihy.cz/api/books/361835/preview.pdf  |l   |q 49  |r 1  |s https://www.palmknihy.cz/kniha/361835  |t ebook  |y 2022  |z 0  |v Po vlastní ose  |w 2 
999 |d 311695